| 000 | 00322nam a2200097Ia 4500 | ||
|---|---|---|---|
| 008 | 220216s9999 xx 000 0 und d | ||
| 245 | 0 | _aInauguration of the Golden Jubilee complex of the Rubber Research Institute of India (RRII) | |
| 260 |
_bIndian/International Rubber Journal _c2009 |
||
| 300 | _a44-45, 48-49 | ||
| 942 | _cJS | ||
| 999 |
_c60971 _d60971 |
||